Ars Hispaniae (Record no. 8014)
[ view plain ]
| 000 -CABECERA | |
|---|---|
| campo de control de longitud fija | 01127nam a2200253 a 4500 |
| 001 - NÚMERO DE CONTROL | |
| campo de control | BRCA_8346 |
| 005 - FECHA Y HORA DE LA ÚLTIMA TRANSACCIÓN | |
| campo de control | 20190320210236.0 |
| 008 - DATOS DE LONGITUD FIJA--INFORMACIÓN GENERAL | |
| campo de control de longitud fija | 150714m19471949sp-acb#f##---#001-0#spa-# |
| 041 ## - CÓDIGO DE LENGUA | |
| Código de lengua del texto/banda sonora o título independiente | spa |
| 044 ## - CÓDIGO DEL PAÍS DE LA ENTIDAD EDITORA/PRODUCTORA | |
| Código MARC del país | sp |
| 050 #4 - SIGNATURA TOPOGRÁFICA DE LA BIBLIOTECA DEL CONGRESO | |
| Número de clasificación | NK4123 |
| Número de documento/Ítem | .A77 1947 |
| 245 10 - MENCIÓN DE TÍTULO | |
| Título | Ars Hispaniae |
| Resto del título | Historia Universal del Arte Hispánico. |
| 260 ## - PUBLICACIÓN, DISTRIBUCIÓN, ETC. | |
| Lugar de publicación, distribución, etc. | Madrid |
| Nombre del editor, distribuidor, etc. | Plus-Ultra |
| Fecha de publicación, distribución, etc. | 1947-1949 |
| 300 ## - DESCRIPCIÓN FÍSICA | |
| Extensión | 3 v. |
| Otras características físicas | il., láminas, mapas |
| Dimensiones | 28 cm. |
| 500 ## - NOTA GENERAL | |
| Nota general | Los tres volúmenes incluyen índice de ilustraciones, índice geográfico y bibliografía |
| 500 ## - NOTA GENERAL | |
| Nota general | Tres ejemplares consecutivos inventariados como un solo libro por el Banco de México |
| 500 ## - NOTA GENERAL | |
| Nota general | R74 |
| 505 0# - NOTA DE CONTENIDO CON FORMATO | |
| Nota de contenido con formato | v.2 Arte Romano / Blas Taracena ; Arte Paleocristiano / Pedro Batlle Huguet ; Arte Visigodo. Arte Asturiano / Helmut Schlunk.-- v.4 Arte Almohade. Arte Nazarí. Arte Mudéjar / Leopoldo Torres Balbás.-- v.5 Arquitectura y escultura románicas / José Gudiol Ricart y Juan Antonio Gaya Nuño |
| 650 14 - PUNTO DE ACCESO ADICIONAL DE MATERIA--TÉRMINO DE MATERIA | |
| Término de materia o nombre geográfico como elemento de entrada | Arte español |
| Subdivisión general | Historia |
| 9 (RLIN) | 20891 |
| 650 14 - PUNTO DE ACCESO ADICIONAL DE MATERIA--TÉRMINO DE MATERIA | |
| Término de materia o nombre geográfico como elemento de entrada | Arte español |
| Subdivisión de forma | Enciclopedias |
| 9 (RLIN) | 20892 |
| 651 #4 - PUNTO DE ACCESO ADICIONAL DE MATERIA--NOMBRE GEOGRÁFICO | |
| Nombre geográfico | España |
| Subdivisión general | Historia del arte |
| 9 (RLIN) | 20893 |
| 902 ## - CATALOGADOR | |
| Iniciales | GFM |
| 942 ## - ELEMENTOS DE PUNTO DE ACCESO ADICIONAL (KOHA) | |
| Fuente del sistema de clasificación o colocación | Library of Congress Classification |
| Tipo de ítem Koha | Libros |
| Estado de retiro | Estado de pérdida | Estado dañado | No para préstamo | Localización permanente | Ubicación/localización actual | Fecha de adquisición | Número de inventario | Total de préstamos | Signatura topográfica completa | Código de barras | Fecha visto por última vez | Precio válido a partir de | Tipo de ítem Koha |
|---|---|---|---|---|---|---|---|---|---|---|---|---|---|
| El ejemplar forma parte de la colección y puede ser consultado según las políticas vigentes. | Biblioteca del Museo Franz Mayer (Rogerio Casas-Alatriste) | Biblioteca del Museo Franz Mayer (Rogerio Casas-Alatriste) | 15/07/2014 | R74 | NK4123 .A77 1947 (R74) | 8970 | 22/03/2019 | 22/03/2019 | Libros |